000 00386nam a2200157Ia 4500
008 160316s1985 xxu||||| |||| 00| 0 eng d
082 _a341.522000
_bSAN-X
100 _aSanders Pierter
245 _aYear book of the commercial arbitration.Vol.X - 1985
250 _a
260 _aThe Netherlands
_bKluwer
_c1985
300 _a604p
_b
_c
365 _b
650 _a
700 _a
_a
999 _c10155
_d10155